[Event "World op 51st"]
[Site "Philadelphia"]
[Date "2023.06.30"]
[Round "1"]
[White "Andriasian, Zaven"]
[Black "Anand Jr, Vignesh"]
[Result "0-1"]
[WhiteElo "2579"]
[BlackElo "2038"]
[PlyCount "172"]
[EventDate "2023.06.30"]
[EventType "swiss"]
[EventRounds "9"]
[EventCountry "USA"]
[SourceTitle "CBM 215 Extra"]
[Source "ChessBase"]
[SourceDate "2023.09.30"]
[SourceVersion "1"]
[SourceVersionDate "2023.09.30"]
[SourceQuality "1"]

1. e4 c5 2. Nf3 d6 3. d4 cxd4 4. Nxd4 Nf6 5. Nc3 a6 6. h3 e5 7. Nb3 Be6 8. Be3 Be7 9. Qf3 Nc6 10. 0-0-0 Qc7 11. g4 h6 12. Kb1 b5 13. Nd5 Bxd5 14. exd5 Nb4 15. c3 Nbxd5 16. g5 e4 17. Qe2 Nxe3 18. Qxe3 hxg5 19. Qxg5 g6 20. Be2 Qc6 21. h4 0-0-0 22. c4 bxc4 23. Bxc4 d5 24. Be2 Qb6 25. Rh3 d4 26. Rc1+ Kb8 27. Qe5+ Qd6 28. Nxd4 Qxe5 29. Nc6+ Ka8 30. Nxe5 Rd2 31. Bxa6 Rb8 32. Rb3 Rxb3 33. axb3 Nd5 34. Nc6 Bf6 35. Rc5 Rxb2+ 36. Kc1 Ra2 37. Bc8 Ra1+ 38. Kd2 Ra2+ 39. Ke1 Ra1+ 40. Ke2 Bc3 41. Rxc3 Ra2+ 42. Ke1 Nxc3 43. Ne5 e3 44. fxe3 Re2+ 45. Kf1 Rxe3 46. Nc4 Re4 47. h5 gxh5 48. Kg2 Kb8 49. Bf5 Rf4 50. Bd3 h4 51. Ne5 Nd1 52. b4 f6 53. Nd7+ Kc7 54. Nc5 Kc6 55. Ne4 h3+ 56. Kg3 h2 57. Kxh2 Nf2 58. b5+ Kb6 59. Nxf2 Rxf2+ 60. Kg3 Rd2 61. Bf1 Rd4 62. Kf3 Kc5 63. Ke3 Rb4 64. Be2 Kd6 65. Bf1 Ke5 66. Bd3 f5 67. Kd2 f4 68. Kc3 Rd4 69. Be2 Ke4 70. Bf3+ Ke3 71. Bc6 Rd1 72. Kc4 Rc1+ 73. Kd5 f3 74. Kd6 f2 75. Bg2 Kf4 76. b6 Kg3 77. b7 Rb1 78. Be4 Rxb7 79. Bxb7 f1Q 80. Bc6 Kf4 81. Kc5 Ke5 82. Bb5 Qc1+ 83. Bc4 Qc3 84. Kb5 Kd4 85. Bf1 Qb2+ 86. Kc6 Qc1+ 0-1

[Event "Djenovici TS04 IM 4th"]
[Site "Djenovici"]
[Date "2023.04.20"]
[Round "6"]
[White "Rajkovic, Dusan"]
[Black "Anand Jr, Vignesh"]
[Result "1/2-1/2"]
[WhiteElo "2262"]
[BlackElo "2030"]
[PlyCount "49"]
[EventDate "2023.04.15"]
[EventType "tourn"]
[EventRounds "9"]
[EventCountry "MNE"]
[EventCategory "1"]
[SourceTitle "EXT 2024"]
[Source "ChessBase"]
[SourceDate "2023.10.10"]
[SourceVersion "1"]
[SourceVersionDate "2023.10.10"]
[SourceQuality "1"]

1. d4 Nf6 2. c4 e6 3. Nf3 d5 4. Nc3 c5 5. cxd5 Nxd5 6. a3 cxd4 7. Nxd5 Qxd5 8. Qxd4 Qxd4 9. Nxd4 a6 10. Bd2 e5 11. Rc1 Bd7 12. Nb3 Be6 13. Nc5 Bxc5 14. Rxc5 Nc6 15. g3 0-0 16. Bg2 f6 17. Be3 Rfd8 18. f4 Rd6 19. Kf2 Rad8 20. Rhc1 Bd5 21. Bh3 Be6 22. Bg2 Bd5 23. Bxd5+ Rxd5 24. Rxd5 Rxd5 25. Rc5 1/2-1/2

[Event "Djenovici TS04 IM 4th"]
[Site "Djenovici"]
[Date "2023.04.18"]
[Round "4"]
[White "Tomic, Aleksandar1111"]
[Black "Anand Jr, Vignesh"]
[Result "1-0"]
[WhiteElo "2396"]
[BlackElo "2030"]
[PlyCount "46"]
[EventDate "2023.04.15"]
[EventType "tourn"]
[EventRounds "9"]
[EventCountry "MNE"]
[EventCategory "1"]
[SourceTitle "EXT 2024"]
[Source "ChessBase"]
[SourceDate "2023.10.10"]
[SourceVersion "1"]
[SourceVersionDate "2023.10.10"]
[SourceQuality "1"]

1. c4 Nf6 2. Nc3 e6 3. e4 e5 4. Nf3 Nc6 5. g3 Bb4 6. d3 d6 7. h3 h6 8. Bg2 Be6 9. 0-0 Bxc3 10. bxc3 Qd7 11. Kh2 g5 12. Ne1 0-0-0 13. Nc2 Ne7 14. Ne3 c6 15. d4 Qc7 16. d5 Bd7 17. c5 cxd5 18. cxd6 Qxd6 19. exd5 Nf5 20. c4 Kb8 21. Bb2 Nxe3 22. fxe3 Qe7 23. Qf3 Bxh3 1-0

[Event "Washington State-chC"]
[Site "Redmond"]
[Date "2019.02.16"]
[Round "2"]
[White "Anand Jr, Vignesh"]
[Black "Arganian, David H"]
[Result "1-0"]
[WhiteElo "1823"]
[BlackElo "1898"]
[PlyCount "81"]
[EventDate "2019.02.16"]
[EventType "tourn"]
[EventRounds "9"]
[EventCountry "USA"]
[SourceTitle "EXT 2023"]
[Source "ChessBase"]
[SourceDate "2022.10.05"]
[SourceVersion "1"]
[SourceVersionDate "2022.10.05"]
[SourceQuality "1"]

1. Nf3 d5 2. c4 d4 3. b4 c5 4. Bb2 f6 5. e4 e5 6. d3 Nh6 7. g3 cxb4 8. Bg2 Be7 9. a3 0-0 10. 0-0 Nc6 11. Bc1 Nf7 12. Nh4 Bc5 13. f4 exf4 14. gxf4 f5 15. Qh5 Be7 16. Nxf5 Bxf5 17. Qxf5 bxa3 18. Bxa3 Bxa3 19. Rxa3 Ne7 20. Qg4 Qc8 21. Qg3 Qc5 22. Rb3 b6 23. Rb5 Qc7 24. Nd2 a6 25. Rb2 a5 26. Nf3 Rfd8 27. Bh3 Kh8 28. e5 Nh6 29. Nh4 Rf8 30. f5 g5 31. f6 Rg8 32. Nf5 Nexf5 33. Bxf5 Nxf5 34. Rxf5 a4 35. e6 Qxg3+ 36. hxg3 a3 37. Ra2 Rgf8 38. e7 Rf7 39. Rxa3 Re8 40. Ra7 h5 41. Rd7 1-0